Wind River cowboy. #3 / Lindsay McKenna.
Available copies
- 1 of 1 copy available at LARL/NWRL Consortium.
Current holds
0 current holds with 1 total copy.
Show Only Available Copies
| Location | Call Number / Copy Notes | Barcode | Shelving Location | Status | Due Date |
|---|---|---|---|---|---|
| Roseau Public Library | pb MCK (Text) | 35500005863145 | Main | Available | - |
Record details
- ISBN: 1420141783
- ISBN: 9781420141788
- Physical Description: 328 pages ; 18 cm.
- Publisher: New York, NY : Zebra Books, [2017]
- Copyright: ©2017
Content descriptions
| Summary, etc.: | Kira Duval was part of a special forces team that ... Read More |
Search for related items by subject
| Subject: | Man-woman relationships > Fiction. Veterans > Fiction. Ranch life > Fiction. Wyoming > Fiction. Man-woman relationship > Fiction. Romance > Fiction. Ranch Life > fiction. |
| Genre: | Romance fiction. |
Search for related items by series
| LDR | 02510cam a2200445Ii 4500 | ||
|---|---|---|---|
| 001 | 242745 | ||
| 003 | LARL_NWRL_CONSORTIUM | ||
| 005 | 20170417204124.0 | ||
| 008 | 160707t20172017nyu 000 1 eng d | ||
| 040 | . | ‡aYDXCP ‡beng ‡cYDXCP ‡dBTCTA ‡dBDX ‡dOCLCQ ‡dGO6 ‡dAPL ‡dBELPL ‡dRB0 ‡dTXMCL | |
| 020 | . | ‡a1420141783 ‡q(paperback) | |
| 020 | . | ‡a9781420141788 ‡q(paperback) | |
| 035 | . | ‡a(OCoLC)953222883 | |
| 043 | . | ‡an-us-wy | |
| 082 | 0 | 4. | ‡a813/.54 ‡223 |
| 100 | 1 | . | ‡aMcKenna, Lindsay, ‡d1946- ‡eauthor. ‡0(LARL_NWRL_CONSORTIUM)138743 |
| 245 | 1 | 0. | ‡aWind River cowboy. ‡n#3 / ‡cLindsay McKenna. |
| 264 | 1. | ‡aNew York, NY : ‡bZebra Books, ‡c[2017] | |
| 264 | 4. | ‡c©2017 | |
| 300 | . | ‡a328 pages ; ‡c18 cm. | |
| 336 | . | ‡atext ‡btxt ‡2rdacontent | |
| 337 | . | ‡aunmediated ‡bn ‡2rdamedia | |
| 338 | . | ‡avolume ‡bnc ‡2rdacarrier | |
| 490 | 0 | . | ‡aWind River Valley ; ‡v3 |
| 520 | . | ‡aKira Duval was part of a special forces team that got caught in an ambush--leaving only two wounded survivors: herself and Weapons Sergeant Garret Fleming. Losing her team was traumatic, and in the chaotic aftermath, as the Army moved them from hospital to hospital, she lost Garret too. But she never lost her secret yearning for him. Finally, she gave up trying to track him down back in the States. But as she settles in at Bar C cattle ranch in Wyoming, a place where veterans can find a home and a place to heal, she's introduced to her sandy-haired, hazel-eyed housemate: none other than Garret Fleming. They're a long way from Afghanistan--and a long way from the people they used to be before tragedy changed their lives. But as Kira earns her keep by caregiving for the ranch owner's bedridden, alcoholic father--a task that sometimes feels more challenging than any black ops mission--she finds that even in peacetime Garret still has her back, and that in this warm, welcoming place, the passion she resisted in the heat of battle may finally have a chance to flourish. | |
| 650 | 0. | ‡aMan-woman relationships ‡vFiction. ‡0(LARL_NWRL_CONSORTIUM)165985 | |
| 650 | 0. | ‡aVeterans ‡vFiction. | |
| 650 | 0. | ‡aRanch life ‡vFiction. ‡0(LARL_NWRL_CONSORTIUM)167010 | |
| 651 | 0. | ‡aWyoming ‡vFiction. ‡0(LARL_NWRL_CONSORTIUM)167872 | |
| 650 | 4. | ‡aMan-woman relationship ‡vFiction. | |
| 650 | 4. | ‡aRomance ‡xFiction. | |
| 650 | 1. | ‡aRanch Life ‡xfiction. | |
| 655 | 7. | ‡aRomance fiction. ‡2lcgft | |
| 901 | . | ‡a242745 ‡bOCoLC ‡c242745 ‡tbiblio ‡soclc | |

Add to basket
Permalink
Disable Highlighting